Mercado e institución: corporaciones comerciales, redes de negocios y crisis colonial. Guadalajara en el siglo XVIII.

محفوظ في:
التفاصيل البيبلوغرافية
المؤلف الرئيسي: Ibarra Romero, Antonio (autor)
مؤلفون آخرون: Van Young, Eric (presentación)
التنسيق: كتاب
اللغة:الإنجليزية
منشور في: Ciudad de México, México: Bonilla Artigas Editores S.A. de C.V.; Universidad Nacional Autónoma de México, 2017.
الطبعة:Primera edición.
سلاسل:Pública Histórica,
الموضوعات:
الوسوم: إضافة وسم
لا توجد وسوم, كن أول من يضع وسما على هذه التسجيلة!

MARC

LEADER 00000nam a22000007a 4500
003 CL-VaPUC
005 20221221115541.0
008 221207t2017 ||||| |||| 00| 0 eng d
999 |c 439596  |d 439594 
020 |a 978-607-8560-05-9 (Bonilla Artigas Editores) 
020 |a 978-607-02-9627-7 (UNAM) 
040 |c Pontificia Universidad Católica de Valparaíso 
082 7 |a 338.20972 IBA 2017  |2 22 
100 |a Ibarra Romero, Antonio  |9 458568  |e autor 
245 |a Mercado e institución:   |b corporaciones comerciales, redes de negocios y crisis colonial. Guadalajara en el siglo XVIII. 
250 |a Primera edición.  
260 |a Ciudad de México, México:  |b Bonilla Artigas Editores S.A. de C.V.;   |b Universidad Nacional Autónoma de México,   |c 2017. 
300 |a 374 páginas.  
490 |a Pública Histórica,  |n  7.  
500 |a c.1 Donación Prof. Raúl Buono-Core / MEMO HIS/016 - 7-11-2022 
583 |c 20221207  |k Cristina María Rojas Aguilar 
651 |a Nueva España  |z Guadalajara   |x Condiciones económicas  |9 879151 
700 |a Van Young, Eric   |e presentación  |9 879152 
942 |2 ddc  |c BK 
952 |0 0  |1 0  |2 ddc  |4 0  |6 338_209720000000000_IBA_2017  |7 0  |8 A  |9 588168  |a BIBHIS  |b BIBHIS  |c GEN  |d 2022-12-07  |e Donación   |i 5655968  |o 338.20972 IBA 2017  |p 5655968  |r 2025-01-20  |t 1  |w 2022-12-07  |y BK  |k HIS